Igor Otčenáš, autor knihy Keby, netúži po tom, aby si jeho "rýchle dejiny" ktosi vykladal dobre

Podrobná bibliografia
Hlavný autor: Tinková, Alexandra (Autor)
Médium: Článok
Jazyk:slovenčina
Fyzický popis:Fotogr.
Predmet:

MARC

LEADER 00000nab a2200000 a 4500
001 vtls000671731
003 SK-MaSNL
005 20260303043451.0
008 160314c1998 xo 0 slo
015 |a SNBRB1998/09-25753 
035 |a CLN000023908 
040 |a SNKBUCL  |b slo  |c SNKBUCL  |e AACR2 
041 0 |a slo 
044 |a xo  |c SK 
080 |a 82:929:885.4  |2 UDC-MRF-SK2 
080 |a 885.4:929  |2 UDC-MRF-SK2 
100 1 |a Tinková, Alexandra  |4 aut  |9 267019 
245 1 0 |a Igor Otčenáš, autor knihy Keby, netúži po tom, aby si jeho "rýchle dejiny" ktosi vykladal dobre  |c Alexandra Tinková 
300 |b Fotogr. 
600 1 7 |a Otčenáš, Igor,  |d 1956-  |t Keby-  |2 snkbucl  |9 1030917 
655 7 |a články z novín a časopisov  |2 snkbucl  |9 267496 
773 0 |t Sme  |g Roč. 6 a 51, č. 210 (11.9.1998), s. 8 
850 |a Slovenská národná knižnica v Martine 
852 |a SNK  |b KIS3GCP 
958 |a SK 
958 |a LX 
999 |c 1696972  |d 1698902